Responses for Show #6196 - Monday, July 18, 2011

Mark Runsvold game 2.

Contestants

[<< previous game]

Jerry Hou, a freelance orchestra conductor from Rochester, New York

Karawan Meade, a mom and tutor from Wakefield, Massachusetts

Mark Runsvold, a student and waiter from Moscow, Idaho (whose 1-day cash winnings total $48,000)

[next game >>]

Jeopardy! Round responses

FRENCH COMPOSERS
TV CAREER MOVES
COMMON BOND CUISINE
COUNTRIES' CURRENCIES
(Alex: We want you to name the novel in...)
AT HOME WITH A GOOD BOOK
"EARS" TO YOU
    $200 2
Bizet

Jerry
    $200 26
Courteney Cox

Mark
    $200 21
salad

Jerry
    $200 9
the peso

Karawan
    $200 16
Gone with the Wind

Mark
    $200 1
spears

Karawan
    $400 3
a harpsichord

Mark
    $400 27
The West Wing

Triple Stumper
    $400 22
ribs

Mark
    $400 10
(Mark: What is cotton?)
(Karawan: What is linen?)

plastic

MarkKarawan
Triple Stumper
    $400 17
(Mark: What is Tess d'Urbervilles?)

Tess of the d'Urbervilles

MarkJerry
    $400 7
Sears

Mark
    $600 4
Debussy

Karawan
    $600 28
Mischa Barton

Triple Stumper
    $600 23
pizza

Jerry
    $600 11
the rupee

Jerry
    $600 18
Jane Eyre

Jerry
    $600 8
(Billy) Shears

Karawan
    $800 5
ballets

Jerry
    $800 29
The Wire

Mark
    $800 24
meatballs

Karawan
    $800 12
Latvia

Jerry
    $1,500 19
Pride & Prejudice

Jerry
    $800 14
arrears

Karawan
    $1000 6
(Hector) Berlioz

Mark
    $1000 30
Sons of Anarchy

Mark
    $1000 25
puddings

Jerry
    $1000 13
South Africa

Mark
    $1000 20
Rebecca

Mark
    $1000 15
fears

Triple Stumper

Scores at the first commercial break (after clue 15):

Mark Karawan Jerry
$2,400 $2,000 $2,400

Scores at the end of the Jeopardy! Round:

Mark Karawan Jerry
$5,600 $2,800 $6,700

Double Jeopardy! Round responses

WOMEN IN SCIENCE
WATER CARRIERS
STARTS & ENDS WITH "H"
LESLIE NIELSEN MOVIES
DON'T
CALL ME SHIRLEY
    $400 22
the X and Y chromosomes

Karawan
    $400 14
an canal

Mark
    $400 1
a hunch

Mark
    $400 11
Airplane!

Mark
    $400 21
the Pequod

Jerry
    $400 6
Shirley Temple Black

Mark
    $800 23
a ribosome

Mark
    $8,200 15
logs

Mark
    $800 2
high

Jerry
    $800 12
a cigar

Mark
    $800 27
Lucifer

Mark
    $800 7
the bubonic plague

Triple Stumper
    $1200 24
Rachel Carson

Mark
    $1200 16
a mighty stream

Triple Stumper
    $1200 3
hatch

Mark
    $1200 13
curling

Jerry
    $1200 28
your father

Mark
    $1200 8
(Shirley) Chisholm

Mark
    $1600 25
insulin

Karawan
    $1600 17
an aqueduct

Mark
    $5,800 4
hundredth

Mark
    $1600 19
The Poseidon Adventure

Mark
    $1600 29
Medea

Karawan
    $1600 9
an opera singer

Mark
    $2000 26
ichthyology

Mark
    $2000 18
the Saint Lawrence Seaway project

Mark
    $2000 5
"Hallelujah"

Mark
    $2000 20
Forbidden Planet

Triple Stumper
    $2000 30
Friar Lawrence

Karawan
    $2000 10
Shirley Jackson

Triple Stumper

Scores at the end of the Double Jeopardy! Round:

Mark Karawan Jerry
$39,200 $8,400 $9,100
(lock game)

[wagering suggestions for these scores]

Final Jeopardy! Round responses

WORLD GEOGRAPHY
KarawanWhat is Chi Russia?
$5,000
JerryWhat is China
$8,000
MarkWhat is China?
$15,800
China

Final scores:

Mark Karawan Jerry
$55,000 $3,400 $17,100
2-day champion: $103,000 3rd place: $1,000 2nd place: $2,000

Game dynamics:

Coryat scores:

Mark Karawan Jerry
$27,600 $8,400 $8,400
29 R
(including 2 DDs),
2 W
10 R,
1 W
13 R
(including 1 DD),
0 W

Combined Coryat: $44,400

[game clues] [game scores] [suggest correction]

Game tape date: 2011-03-22
The J! Archive is created by fans, for fans. Scraping, republication, monetization, and malicious use prohibited; this site may use cookies and collect identifying information. See terms. The Jeopardy! game show and all elements thereof, including but not limited to copyright and trademark thereto, are the property of Jeopardy Productions, Inc. and are protected under law. This website is not affiliated with, sponsored by, or operated by Jeopardy Productions, Inc. Join the discussion at JBoard.tv.